000 00585nam a2200205 a 4500
001 BRCA_7147
005 20190320205729.0
008 110112s1912----gw-#######---#000-0#ger-#
041 _ager
044 _agw
050 4 _aPT2453 .R75
_bL35 1912
245 1 0 _aLaienbrevier des Hackelismus
_bJubilaumsausgabe 1862-1882-1912
_cM. Reymond.
260 _aMunchen
_bE. Reinhardt
_c1912
300 _a263 p.
_c18 cm.
500 _aP37
600 1 4 _aHaeckel, Ernts Heinrich Phillipp August
_d1834-1919
_xAntropogenia
_917741
650 1 4 _aEvolución
_916651
902 _aGFM
942 _2lcc
_cB
999 _c6828
_d6828